[Event "SR 2. liga A 2013/2014"]
[Site "?"]
[Date "2013.11.23"]
[Round "3.4"]
[White "Povysil, Peter"]
[Black "Szitasi, Janos"]
[Result "1-0"]
[WhiteElo "1991"]
[BlackElo "1983"]
[PlyCount "63"]
[EventDate "2013.??.??"]

1. d4 d5 2. c4 c6 3. Nf3 Nf6 4. g3 g6 5. Bg2 Bg7 6. O-O O-O 7. Nc3 Nbd7 8. a4
b6 9. Bf4 Bb7 10. cxd5 cxd5 11. Qb3 a6 12. Rfe1 h6 13. Rad1 Re8 14. e4 e6 15.
Ne5 dxe4 16. Nxd7 Qxd7 17. Be5 Qd8 18. Nxe4 Nxe4 19. Bxe4 Bxe4 20. Rxe4 Qd7 21.
Re2 Red8 22. Red2 Qb7 23. Bxg7 Kxg7 24. d5 exd5 25. Rxd5 Rxd5 26. Rxd5 Qc6 27.
Qd1 Re8 28. Qd4+ Kh7 29. h4 h5 30. g4 hxg4 31. h5 g3 32. hxg6+ 1-0

[Event "SR 2. liga A 2013/2014"]
[Site "?"]
[Date "2013.11.23"]
[Round "3.5"]
[White "Pagerka, Martin"]
[Black "Rohacek, Miroslav"]
[Result "1-0"]
[WhiteElo "2224"]
[BlackElo "2246"]
[PlyCount "83"]
[EventDate "2013.??.??"]

1. e4 d5 2. exd5 Qxd5 3. Nc3 Qd6 4. d4 Nf6 5. Nf3 a6 6. g3 Bg4 7. h3 Bh5 8. g4
Bg6 9. Ne5 Nc6 10. Bf4 Nxe5 11. dxe5 Qb4 12. Bd2 Ne4 13. Nd5 Qc5 14. Be3 Qc6
15. Nb4 Qa4 16. c3 Qxd1+ 17. Rxd1 e6 18. Nd3 O-O-O 19. Ke2 Be7 20. Bg2 h6 21.
Nf4 Bh7 22. Nh5 Rhg8 23. Rd4 Nc5 24. Rhd1 Nd7 25. Bxb7+ Kxb7 26. Rxd7 Rde8 27.
R1d4 Kc6 28. f4 Bb1 29. a3 Ba2 30. Ng3 Bd5 31. R7xd5 exd5 32. Nf5 Bc5 33. Ra4
Kb5 34. Bxc5 Kxa4 35. Nd4 Rb8 36. Bb4 Rxb4 37. axb4 Rc8 38. f5 c5 39. bxc5 Rxc5
40. e6 Rc7 41. Kd3 Ka5 42. e7 1-0

[Event "SR 2. liga A 2013/2014"]
[Site "?"]
[Date "2013.11.23"]
[Round "3.5"]
[White "Kovac, Andrej"]
[Black "Cajka, Tibor"]
[Result "0-1"]
[WhiteElo "2171"]
[BlackElo "2162"]
[PlyCount "58"]
[EventDate "2013.??.??"]

1. Nf3 c5 2. b3 Nf6 3. Bb2 d5 4. e3 Bg4 5. Bb5+ Nc6 6. Bxc6+ bxc6 7. d3 e6 8.
Nbd2 Bd6 9. h3 Bh5 10. Qe2 O-O 11. g4 Bg6 12. e4 Bf4 13. e5 Nd7 14. O-O-O a5
15. a4 Rb8 16. Kb1 Nb6 17. Ka2 c4 18. Nxc4 Nxa4 19. bxa4 dxc4 20. Ba3 cxd3 21.
cxd3 Qd5+ 22. Ka1 Rb3 23. Bxf8 Bxd3 24. Bd6 Qc4 25. Rxd3 Rxd3 26. Rb1 h6 27.
Ng1 Bxe5+ 28. Qxe5 Qxa4+ 29. Kb2 Rd2+ 0-1

[Event "SR 2. liga A 2013/2014"]
[Site "?"]
[Date "2013.11.23"]
[Round "3.5"]
[White "Jozefek, Michal"]
[Black "Kimerling, Martin"]
[Result "0-1"]
[WhiteElo "2168"]
[BlackElo "2109"]
[PlyCount "58"]
[EventDate "2013.??.??"]

1. d4 f5 2. Nf3 Nf6 3. g3 g6 4. Bg2 Bg7 5. O-O O-O 6. c4 d6 7. Nc3 Nc6 8. d5
Ne5 9. Nxe5 dxe5 10. e4 f4 11. Re1 g5 12. Rb1 a6 13. b4 Qe8 14. a4 Ng4 15. f3
Qh5 16. h3 Nf6 17. g4 Qh4 18. Qe2 h5 19. Rf1 hxg4 20. hxg4 Nxg4 21. fxg4 Bxg4
22. Qf2 Qh5 23. Rb2 Rf6 24. Bf3 Rh6 25. Qh2 Bxf3 26. Qxh5 Bxh5 27. Rg2 Bf6 28.
c5 g4 29. Ne2 Bg5 0-1

[Event "SR 2. liga A 2013/2014"]
[Site "?"]
[Date "2013.11.23"]
[Round "3.5"]
[White "Sebo, Viktor"]
[Black "Spacek, Oliver"]
[Result "0-1"]
[WhiteElo "2039"]
[BlackElo "2041"]
[PlyCount "60"]
[EventDate "2013.??.??"]

1. e4 c5 2. Nf3 e6 3. d4 cxd4 4. Nxd4 a6 5. Nc3 b5 6. Be2 Bb7 7. Bf3 Qc7 8. O-O
Nc6 9. Re1 d6 10. a3 Be7 11. Nxc6 Bxc6 12. Bf4 Nf6 13. e5 dxe5 14. Bxe5 Qb7 15.
Bxc6+ Qxc6 16. Qd3 Nd7 17. Bd4 f6 18. Qg3 Kf7 19. Ne4 e5 20. Qf3 Rhc8 21. Qf5
g6 22. Qh3 Kg8 23. Rad1 exd4 24. Ng5 fxg5 25. Rxe7 Nf8 26. Rxd4 Qxc2 27. Re1
Re8 28. Rf1 Rad8 29. Rxd8 Rxd8 30. Qe3 Rd1 0-1

[Event "SR 2. liga A 2013/2014"]
[Site "?"]
[Date "2013.11.23"]
[Round "3.5"]
[White "Gasa, Patrik"]
[Black "Sahidi, Samir"]
[Result "1/2-1/2"]
[WhiteElo "1956"]
[BlackElo "1885"]
[PlyCount "116"]
[EventDate "2013.??.??"]

1. d4 c5 2. Nf3 cxd4 3. Nxd4 e5 4. Nb5 Nc6 5. e4 Nf6 6. N1c3 a6 7. Nd6+ Bxd6 8.
Qxd6 Qe7 9. Qxe7+ Nxe7 10. Bg5 b5 11. f3 Bb7 12. O-O-O O-O-O 13. a4 b4 14. Nd5
Nfxd5 15. exd5 f6 16. Bh4 Nxd5 17. Bxa6 Nb6 18. Bb5 Bc6 19. b3 Bxb5 20. axb5 d5
21. Be1 d4 22. Bxb4 Nd5 23. Ba5 Rd7 24. Kb2 Ra7 25. Ra1 Kb7 26. c4 dxc3+ 27.
Bxc3 Rxa1 28. Rxa1 Rc8 29. Bd2 Rc5 30. b4 Rxb5 31. Kb3 Rb6 32. Kc4 Nc7 33. Ra5
Ra6 34. b5 Rxa5 35. Bxa5 Ne6 36. Bd2 Nd4 37. Be3 Nf5 38. Bf2 h5 39. Kd5 h4 40.
g4 hxg3 41. hxg3 g5 42. g4 Nh4 43. Ke4 Kc7 44. Bc5 Kd7 45. b6 Ng6 46. Kf5 Nh4+
47. Ke4 Ng6 48. Be3 Kc6 49. Bc5 Kb7 50. Kf5 Nh4+ 51. Kxf6 Nxf3 52. Kf5 Kc6 53.
Be3 Kb7 54. Bxg5 Kxb6 55. Bd8+ Kc6 56. Ke4 Nd2+ 57. Kxe5 Kd7 58. Bf6 Ke8
1/2-1/2

[Event "SR 2. liga A 2013/2014"]
[Site "?"]
[Date "2013.11.23"]
[Round "3.5"]
[White "Vrtiakova, Anna"]
[Black "Spacek, Marcel"]
[Result "0-1"]
[WhiteElo "1788"]
[BlackElo "1818"]
[PlyCount "130"]
[EventDate "2013.??.??"]

1. e4 c5 2. Nf3 Nc6 3. Bb5 Nf6 4. Bxc6 dxc6 5. d3 g6 6. h3 Bg7 7. O-O h6 8. Nc3
Be6 9. Be3 Qa5 10. Qe2 g5 11. Ne5 Nd7 12. Nxd7 Bxd7 13. Bd2 Bd4 14. a3 Rg8 15.
Nd1 Qb6 16. c3 Be5 17. Ne3 Bf4 18. b4 cxb4 19. axb4 a6 20. Nf5 Bxd2 21. Qxd2 h5
22. d4 g4 23. h4 Bxf5 24. exf5 g3 25. f3 Qb5 26. Ra5 Qc4 27. Re5 f6 28. Re2 Kd7
29. Rd1 Rad8 30. Qe3 Rge8 31. Qe6+ Qxe6 32. Rxe6 Kc7 33. c4 Rd6 34. Re3 e5 35.
Kf1 Red8 36. Ke2 Rxd4 37. Rxd4 Rxd4 38. Re4 Kd6 39. Rxd4+ exd4 40. Kd3 Ke5 41.
f4+ Kxf4 42. Kxd4 b6 43. c5 b5 44. Kd3 Kxf5 45. Ke3 Ke5 46. Kf3 Kd4 47. Kxg3
Ke3 48. Kh3 Kf4 49. Kh2 Kg4 50. g3 f5 51. Kg2 f4 52. gxf4 Kxf4 53. Kf2 Kg4 54.
Ke3 Kxh4 55. Kf4 Kh3 56. Ke5 Kg3 57. Kd6 h4 58. Kxc6 h3 59. Kd7 h2 60. c6 h1=Q
61. c7 Qb7 62. Kd8 Qb6 63. Kd7 Qd4+ 64. Kc8 Qxb4 65. Kb8 Qc5 0-1

[Event "SR 2. liga A 2013/2014"]
[Site "?"]
[Date "2013.11.23"]
[Round "3.5"]
[White "Ocko, Martin"]
[Black "Suchansky, Jakub"]
[Result "1/2-1/2"]
[WhiteElo "1736"]
[BlackElo "1779"]
[PlyCount "65"]
[EventDate "2013.??.??"]

1. d4 Nf6 2. c4 g6 3. Nc3 d5 4. cxd5 Nxd5 5. e4 Nxc3 6. bxc3 Bg7 7. Bc4 c5 8.
Ne2 O-O 9. O-O Nc6 10. Be3 cxd4 11. cxd4 Bg4 12. f3 Na5 13. Bd3 Be6 14. Qa4 Bd7
15. Bb5 Bxb5 16. Qxb5 b6 17. Rac1 Rc8 18. Rxc8 Qxc8 19. Rc1 Qe8 20. Qxe8 Rxe8
21. Rc7 a6 22. Bg5 e6 23. Be7 b5 24. d5 exd5 25. exd5 Bf8 26. d6 Bxe7 27. dxe7
f5 28. Nf4 Kf7 29. Nd5 Ke6 30. Nf4+ Kf7 31. Nd5 Ke6 32. Nf4+ Kf7 33. Nd5
1/2-1/2

[Event "SR 2. liga A 2013/2014"]
[Site "?"]
[Date "2013.11.23"]
[Round "3.5"]
[White "Macko, Peter"]
[Black "Pipiska, Adam"]
[Result "0-1"]
[WhiteElo "1768"]
[BlackElo "1737"]
[PlyCount "56"]
[EventDate "2013.??.??"]

1. e4 e5 2. Nf3 Nc6 3. d4 exd4 4. Nxd4 Bc5 5. Nb3 Bb6 6. Nc3 Nge7 7. a4 a6 8.
a5 Ba7 9. Bc4 Ne5 10. Be2 O-O 11. O-O d6 12. Kh1 f5 13. Nd4 fxe4 14. Nxe4 N7g6
15. Ra3 Qh4 16. f3 Qe7 17. Be3 d5 18. Nc3 Rd8 19. Nxd5 Rxd5 20. Nf5 Qf7 21. Nd4
c5 22. Qa1 cxd4 23. Bd2 Nf4 24. Bxf4 Qxf4 25. Qa2 Be6 26. g3 Qd2 27. Bc4 Nxc4
28. Qxc4 Rc8 0-1

[Event "SR 2. liga A 2013/2014"]
[Site "?"]
[Date "2013.11.23"]
[Round "3.6"]
[White "Kovacocy, Pavel"]
[Black "Banas, Jan"]
[Result "1/2-1/2"]
[WhiteElo "2198"]
[BlackElo "2293"]
[PlyCount "22"]
[EventDate "2013.??.??"]

1. e4 c5 2. Nf3 d6 3. g3 Nc6 4. Bg2 g6 5. O-O Bg7 6. c3 e5 7. d3 Nge7 8. Re1
O-O 9. a3 b6 10. b4 Bb7 11. Bb2 Qd7 1/2-1/2

[Event "SR 2. liga A 2013/2014"]
[Site "?"]
[Date "2013.11.23"]
[Round "3.6"]
[White "Certek, Pavel"]
[Black "Liptak, Dusan"]
[Result "1/2-1/2"]
[WhiteElo "2286"]
[BlackElo "2108"]
[PlyCount "87"]
[EventDate "2013.??.??"]

1. d4 f5 2. Nf3 Nf6 3. g3 g6 4. Bg2 Bg7 5. O-O O-O 6. c4 d6 7. Nc3 Nc6 8. b3 e5
9. dxe5 dxe5 10. Ba3 Re8 11. Qc2 e4 12. Rad1 Bd7 13. Nd4 Ne5 14. f3 exf3 15.
exf3 c6 16. Kh1 Qa5 17. Bb2 Rad8 18. Nde2 Be6 19. Na4 Bf7 20. Bc3 Qc7 21. Nf4
b5 22. Rxd8 Qxd8 23. cxb5 cxb5 24. Nc5 Qc8 25. Bd4 Ned7 26. Qf2 Nxc5 27. Bxc5
a6 28. Bd4 Rd8 29. Qb2 Ne8 30. Bxg7 Nxg7 31. h4 Ne6 32. Rc1 Qd7 33. Nxe6 Qxe6
34. f4 a5 35. Kh2 a4 36. Rc6 Qe3 37. Rc3 Rd3 38. Rxd3 Qxd3 39. bxa4 bxa4 40.
Qb8+ Kg7 41. Qe5+ Kg8 42. Qb8+ Kg7 43. Qb2+ Kg8 44. Qb8+ 1/2-1/2

[Event "SR 2. liga A 2013/2014"]
[Site "?"]
[Date "2013.11.23"]
[Round "3.6"]
[White "Fabry, Robert"]
[Black "Puskar, Peter"]
[Result "0-1"]
[WhiteElo "2132"]
[BlackElo "2063"]
[PlyCount "96"]
[EventDate "2013.??.??"]

1. Nf3 Nf6 2. b3 g6 3. Bb2 Bg7 4. e3 O-O 5. Be2 d6 6. d4 Nbd7 7. O-O b6 8. c4
Bb7 9. Nc3 e5 10. Qc2 Re8 11. Rad1 c6 12. dxe5 dxe5 13. c5 b5 14. Ng5 Qc7 15.
Nge4 Nxe4 16. Nxe4 Nf8 17. a4 a6 18. Nd6 Re7 19. axb5 cxb5 20. Nxb7 Qxb7 21. c6
Qb6 22. Qe4 Re6 23. Qb4 Qxc6 24. Rc1 Qe8 25. e4 Rc6 26. Bg4 h5 27. Bh3 a5 28.
Qd2 Rxc1 29. Rxc1 a4 30. bxa4 bxa4 31. Qd5 a3 32. Bc3 Qd8 33. Qa2 Qd3 34. g3
Bh6 35. Bf1 Qd6 36. Rb1 Ne6 37. Bc4 Ng5 38. Bd5 Ra7 39. h4 Nf3+ 40. Kg2 Nd4 41.
Bb4 Qf6 42. Bc5 Qf3+ 43. Kh2 Rc7 44. Qxa3 Qxf2+ 45. Kh3 Qe2 46. Qa5 Qg4+ 47.
Kg2 Bf4 48. Bxd4 Rc2+ 0-1

[Event "SR 2. liga A 2013/2014"]
[Site "?"]
[Date "2013.11.23"]
[Round "3.6"]
[White "Puchart, Vladimir"]
[Black "Mikulas, Dusan"]
[Result "1-0"]
[WhiteElo "2051"]
[BlackElo "2112"]
[PlyCount "57"]
[EventDate "2013.??.??"]

1. d4 d5 2. c4 e5 3. dxe5 d4 4. Nf3 Nc6 5. g3 Be6 6. Nbd2 Qd7 7. Bg2 Nge7 8.
O-O Ng6 9. Qa4 Be7 10. Nb3 Rd8 11. Rd1 O-O 12. Bg5 Ncxe5 13. Qxd7 Nxd7 14. Bxe7
Nxe7 15. Nfxd4 Bxc4 16. Rac1 b5 17. Na5 Ne5 18. b3 c5 19. bxc4 cxd4 20. cxb5
Nf5 21. Rc7 d3 22. exd3 Nd4 23. Nc6 Nxb5 24. Ne7+ Kh8 25. Rc5 Nxd3 26. Rxb5
Rfe8 27. Rb3 Nc5 28. Rxd8 Rxd8 29. Rc3 1-0

[Event "SR 2. liga A 2013/2014"]
[Site "?"]
[Date "2013.11.23"]
[Round "3.6"]
[White "Kuna, Vladimir"]
[Black "Doucha, Ludvik"]
[Result "1/2-1/2"]
[WhiteElo "1997"]
[BlackElo "2039"]
[PlyCount "65"]
[EventDate "2013.??.??"]

1. d4 Nf6 2. Nf3 g6 3. c4 c5 4. e3 Bg7 5. Be2 O-O 6. O-O d6 7. Nc3 Nbd7 8. d5
a6 9. h3 Qc7 10. e4 h6 11. Be3 b6 12. Qd2 Kh7 13. Rad1 Bb7 14. Qc2 Rfb8 15. Bf4
Ne8 16. Bd3 Qd8 17. Rfe1 Ne5 18. Nxe5 dxe5 19. Bh2 Nd6 20. a4 Bc8 21. Kh1 Bd7
22. f4 Qh8 23. f5 Qc8 24. fxg6+ fxg6 25. Qe2 b5 26. axb5 axb5 27. Nxb5 Bxb5 28.
cxb5 c4 29. Bb1 Rxb5 30. Rd2 Qb7 31. Rc1 Rb8 32. Ba2 Rxb2 33. Bxc4 1/2-1/2

[Event "SR 2. liga A 2013/2014"]
[Site "?"]
[Date "2013.11.23"]
[Round "3.6"]
[White "Hertel, Ondrej"]
[Black "Klimes, Milan"]
[Result "1-0"]
[WhiteElo "2055"]
[BlackElo "1872"]
[PlyCount "59"]
[EventDate "2013.??.??"]

1. d4 Nf6 2. Nf3 g6 3. Bg5 Bg7 4. e3 O-O 5. Bd3 d5 6. c3 Nbd7 7. Nbd2 Re8 8.
O-O c5 9. e4 dxe4 10. Nxe4 cxd4 11. Nxd4 Nxe4 12. Bxe4 Nf6 13. Bf3 e5 14. Nb5
Qb6 15. a4 e4 16. Be3 Qc6 17. Be2 a6 18. Nd4 Qc7 19. Qb3 Ng4 20. Bxg4 Bxg4 21.
h3 Be6 22. Nxe6 Rxe6 23. Rad1 Rae8 24. Rd5 Re5 25. Bf4 Qc6 26. Bxe5 Bxe5 27.
Rfd1 Bc7 28. Rd7 Rf8 29. Qd5 Bb6 30. Rxb7 1-0

[Event "SR 2. liga A 2013/2014"]
[Site "?"]
[Date "2013.11.23"]
[Round "3.6"]
[White "Belej, Marian"]
[Black "Kavon, Rastislav"]
[Result "0-1"]
[WhiteElo "1736"]
[BlackElo "2026"]
[PlyCount "44"]
[EventDate "2013.??.??"]

1. e4 e5 2. Nf3 Nc6 3. d4 exd4 4. Bc4 Be7 5. c3 Na5 6. Bxf7+ Kxf7 7. Ne5+ Kf8
8. Qf3+ Nf6 9. g4 d6 10. g5 dxe5 11. gxf6 Bxf6 12. cxd4 Nc6 13. d5 Nd4 14. Qd3
Bg4 15. Be3 Nf3+ 16. Kf1 Qd7 17. Nd2 Nxd2+ 18. Bxd2 c6 19. Rg1 cxd5 20. Bb4+
Kf7 21. Rxg4 Qxg4 22. Qxd5+ Kg6 0-1

[Event "SR 2. liga A 2013/2014"]
[Site "?"]
[Date "2013.11.24"]
[Round "4.1"]
[White "Sipos, Istvan"]
[Black "Federic, Jozef"]
[Result "1-0"]
[WhiteElo "2465"]
[BlackElo "2269"]
[PlyCount "75"]
[EventDate "2013.??.??"]

1. c4 e5 2. Nc3 Nf6 3. Nf3 Nc6 4. e4 Bc5 5. Nxe5 Nxe5 6. d4 Nxe4 7. Nxe4 Bb4+
8. Nc3 Nc6 9. Be2 O-O 10. O-O Bxc3 11. bxc3 d6 12. Bf4 Qf6 13. Bg3 Bd7 14. Rb1
Na5 15. Bd3 b6 16. Qh5 g6 17. Qh6 Rae8 18. Rbe1 Be6 19. Bh4 Qg7 20. Qf4 f6 21.
d5 g5 22. Qd2 Bd7 23. Bg3 Nb7 24. f4 Nc5 25. Bc2 Rxe1 26. Rxe1 Re8 27. Rxe8+
Bxe8 28. Qe2 Bd7 29. h3 Qf7 30. Kh2 Qe8 31. Qf3 Kg7 32. Bf2 h6 33. Bd4 Qf7 34.
fxg5 hxg5 35. h4 gxh4 36. Qf4 Be8 37. Qg5+ Kf8 38. Bxf6 1-0

[Event "SR 2. liga A 2013/2014"]
[Site "?"]
[Date "2013.11.24"]
[Round "4.1"]
[White "Banas, Kamil"]
[Black "Berczes, Csaba"]
[Result "1/2-1/2"]
[WhiteElo "2221"]
[BlackElo "2366"]
[PlyCount "72"]
[EventDate "2013.??.??"]

1. e4 d6 2. d4 Nf6 3. Nc3 Nbd7 4. g4 h6 5. h3 e5 6. Nge2 c6 7. Bg2 Be7 8. O-O
h5 9. g5 Nh7 10. h4 Ndf8 11. f4 Ng6 12. Qe1 exf4 13. Nxf4 Nxf4 14. Rxf4 f6 15.
gxf6 Nxf6 16. e5 dxe5 17. dxe5 Ng4 18. Be4 Qb6+ 19. Kg2 Be6 20. Bg6+ Kd7 21.
Na4 Qb5 22. Be3 Qxe5 23. Rd1+ Kc8 24. Bc1 Qxe1 25. Rxe1 Bd5+ 26. Kh3 Bd6 27. c4
Bxf4 28. Bf5+ Kd8 29. Bxf4 Bxc4 30. Nc5 Ba6 31. Ne6+ Ke7 32. Nd4+ Kf7 33. Be6+
Kg6 34. Bf5+ Kf7 35. Be6+ Kg6 36. Bf5+ Kf7 1/2-1/2

[Event "SR 2. liga A 2013/2014"]
[Site "?"]
[Date "2013.11.24"]
[Round "4.1"]
[White "Janko, Michal"]
[Black "Matejovic, Juraj"]
[Result "1/2-1/2"]
[WhiteElo "2260"]
[BlackElo "2186"]
[PlyCount "58"]
[EventDate "2013.??.??"]

1. d4 Nf6 2. c4 g6 3. f3 Bg7 4. e4 d6 5. Nc3 O-O 6. Nge2 c6 7. Be3 Qc7 8. Qd2
e5 9. d5 a6 10. g4 cxd5 11. cxd5 b5 12. Ng3 Nbd7 13. h4 Ne8 14. h5 f6 15. Bd3
Nc5 16. Bc2 Bb7 17. b4 Nd7 18. h6 Bh8 19. Bd3 Nb6 20. Rc1 Rc8 21. Kf2 Qd8 22.
Bxb6 Qxb6+ 23. Qe3 Qxe3+ 24. Kxe3 Rf7 25. Nce2 Rfc7 26. Rxc7 Nxc7 27. Rc1 Na8
28. Ra1 Nb6 29. Kd2 Kf7 1/2-1/2

[Event "SR 2. liga A 2013/2014"]
[Site "?"]
[Date "2013.11.24"]
[Round "4.1"]
[White "Dugovic, Branislav"]
[Black "Farkas, Gabor"]
[Result "1-0"]
[WhiteElo "2175"]
[BlackElo "2307"]
[PlyCount "137"]
[EventDate "2013.??.??"]

1. Nf3 Nf6 2. b3 g6 3. Bb2 Bg7 4. g3 d6 5. d4 O-O 6. Bg2 Nc6 7. c4 a6 8. O-O
Rb8 9. d5 Na5 10. Qe1 c5 11. Bc3 b6 12. e4 Ne8 13. Bxg7 Nxg7 14. Qe3 b5 15.
Nbd2 bxc4 16. bxc4 Rb4 17. Rfc1 Bg4 18. Ne1 Qc7 19. Nd3 Rb7 20. h3 Bd7 21. Qh6
Rfb8 22. Nf3 f6 23. Nd2 Qc8 24. Kh2 Qf8 25. Qe3 Rb6 26. Nxc5 dxc5 27. Qxc5 Nc6
28. dxc6 Bxc6 29. Rab1 Qd8 30. Rxb6 Qxb6 31. Qxb6 Rxb6 32. Nb3 Ne6 33. Bf1 Rb4
34. c5 Kg7 35. Bc4 Nc7 36. f3 f5 37. Nd4 Rb2+ 38. Kg1 Bd7 39. Rc2 Rxc2 40. Nxc2
fxe4 41. fxe4 Bxh3 42. Nb4 Bc8 43. Kf2 h5 44. Ke3 g5 45. Nc6 h4 46. gxh4 gxh4
47. Nxe7 h3 48. Kf2 Bg4 49. Kg3 Kf6 50. Nd5+ Nxd5 51. exd5 Ke5 52. d6 Bd7 53.
Bf1 Kd5 54. Bxh3 Kxc5 55. Bxd7 Kxd6 56. Be8 Ke7 57. Bc6 Kd6 58. Ba4 Kc5 59. Bb3
Kb4 60. Kf2 Kc5 61. Ke3 Kb6 62. Kd4 Ka5 63. Kc3 Kb5 64. a4+ Kc5 65. Bd1 Kc6 66.
Kb4 Kb6 67. Bf3 a5+ 68. Kc4 Ka6 69. Kc5 1-0

[Event "SR 2. liga A 2013/2014"]
[Site "?"]
[Date "2013.11.24"]
[Round "4.1"]
[White "Janko, Ladislav"]
[Black "Mydlarik, Martin"]
[Result "0-1"]
[WhiteElo "2202"]
[BlackElo "2112"]
[PlyCount "58"]
[EventDate "2013.??.??"]

1. e4 e6 2. d4 d5 3. exd5 exd5 4. Nc3 c6 5. Bd3 Bd6 6. Nge2 Qc7 7. Bg5 f6 8.
Be3 Ne7 9. Qd2 O-O 10. O-O-O Bf5 11. Rhe1 Bxd3 12. Qxd3 Nd7 13. g3 Rfe8 14. Nf4
Nf8 15. h4 b5 16. Bd2 Qd7 17. Qf3 Nf5 18. Be3 Nxe3 19. Rxe3 Rxe3 20. Qxe3 Re8
21. Qd3 Bxf4+ 22. gxf4 Ng6 23. Ne2 Qg4 24. h5 Nxf4 25. Nxf4 Qxf4+ 26. Kb1 Qxf2
27. Qc3 Qe2 28. Rg1 Qe3 29. Qxe3 Rxe3 0-1

[Event "SR 2. liga A 2013/2014"]
[Site "?"]
[Date "2013.11.24"]
[Round "4.1"]
[White "Antol, Ladislav"]
[Black "Kosar, Mikulas ml"]
[Result "1-0"]
[WhiteElo "2039"]
[BlackElo "1881"]
[PlyCount "59"]
[EventDate "2013.??.??"]

1. e4 d5 2. exd5 Nf6 3. Bb5+ Bd7 4. Bxd7+ Qxd7 5. Nc3 Nxd5 6. Nxd5 Qxd5 7. Qf3
Qe5+ 8. Ne2 Nc6 9. O-O O-O-O 10. c3 f6 11. d4 Qd6 12. Rd1 g5 13. Ng3 Kb8 14. a4
h5 15. Nxh5 Ne5 16. Qe2 Ng6 17. g3 Qd7 18. g4 Nh4 19. f3 Qc6 20. Rd3 e5 21. Qe4
Nxf3+ 22. Qxf3 e4 23. Qxf6 Qxf6 24. Nxf6 exd3 25. Bxg5 Bh6 26. Bxh6 Rxh6 27. g5
Rh3 28. Kg2 Re3 29. Rd1 Rd5 30. Nxd5 1-0

[Event "SR 2. liga A 2013/2014"]
[Site "?"]
[Date "2013.11.24"]
[Round "4.1"]
[White "Puobis, Jozef"]
[Black "Hlubovic, Michal"]
[Result "1-0"]
[WhiteElo "1857"]
[BlackElo "1782"]
[PlyCount "57"]
[EventDate "2013.??.??"]

1. d4 f5 2. Nc3 e6 3. e4 fxe4 4. Nxe4 b6 5. Qh5+ g6 6. Qe5 Nf6 7. Nxf6+ Kf7 8.
Ng4 Bg7 9. Qe4 Nc6 10. Ne5+ Bxe5 11. dxe5 Qe7 12. Bd2 Rf8 13. Bh6 Rg8 14. Nf3
Qb4+ 15. Qxb4 Nxb4 16. Ng5+ Ke8 17. Kd2 Bb7 18. f3 c5 19. Nxh7 Rh8 20. Nf6+ Kf7
21. Bg5 a6 22. c3 Nc6 23. Re1 d5 24. exd6 Rad8 25. Ne4 Rd7 26. Bf4 e5 27. Bc4+
Kg7 28. Bg5 Rf8 29. Be6 1-0

[Event "SR 2. liga A 2013/2014"]
[Site "?"]
[Date "2013.11.24"]
[Round "4.1"]
[White "Horvath, Marek"]
[Black "Kosar, Attila"]
[Result "1-0"]
[WhiteElo "1811"]
[BlackElo "1847"]
[PlyCount "103"]
[EventDate "2013.??.??"]

1. e4 d5 2. exd5 Nf6 3. Nf3 Nxd5 4. d4 Bf5 5. c3 e6 6. Bd3 Bxd3 7. Qxd3 Be7 8.
Qb5+ Nd7 9. Qxb7 O-O 10. O-O N7b6 11. Qa6 c5 12. Qe2 cxd4 13. Nxd4 Bf6 14. Rd1
Qc8 15. Na3 Rd8 16. Be3 Na4 17. Rac1 Nxe3 18. fxe3 Nb6 19. c4 Qc5 20. Nb3 Rxd1+
21. Rxd1 Qe5 22. Nd4 Qc5 23. Nb3 Qe5 24. c5 Nd5 25. Nc4 Qc7 26. Qf3 Rb8 27. Rd2
Nb4 28. a3 Nc6 29. Nd4 Na5 30. Nxa5 Qxa5 31. Rd3 Qxc5 32. b4 Qc4 33. Qd1 Rd8
34. Rd2 Bg5 35. Kf2 Qc3 36. Rd3 Qc4 37. Qb3 Qa6 38. b5 Qb6 39. a4 Bf6 40. Nc6
Rxd3 41. Qxd3 Qc7 42. g3 g6 43. Qa3 Qb6 44. Qb4 Bg5 45. Qd4 h5 46. Nxa7 Qb7 47.
Nc6 Qc7 48. Qa7 Qxa7 49. Nxa7 Bd8 50. Nc6 Bc7 51. a5 Kf8 52. b6 1-0

[Event "SR 2. liga A 2013/2014"]
[Site "?"]
[Date "2013.11.24"]
[Round "4.2"]
[White "Madar, Martin"]
[Black "Blaho, Stefan"]
[Result "1-0"]
[WhiteElo "2135"]
[BlackElo "2122"]
[PlyCount "115"]
[EventDate "2013.??.??"]

1. e4 c5 2. d3 Nc6 3. Nd2 g6 4. g3 Bg7 5. Bg2 d6 6. Ngf3 e6 7. O-O Nge7 8. Re1
O-O 9. c3 Rb8 10. Nf1 e5 11. Be3 Qc7 12. Qd2 f5 13. h3 Bd7 14. Bh6 f4 15. Bxg7
Kxg7 16. N1h2 h6 17. d4 g5 18. d5 Na5 19. Nxe5 dxe5 20. d6 Qd8 21. dxe7 Qxe7
22. Rad1 Rbd8 23. Qe2 Be6 24. b3 a6 25. Rxd8 Rxd8 26. Rd1 Nc6 27. Nf1 b5 28.
Rxd8 Qxd8 29. Nd2 Kg6 30. a4 b4 31. cxb4 Nxb4 32. Nc4 Qd4 33. gxf4 gxf4 34. Bf1
Bxc4 35. Qg4+ Kf6 36. Bxc4 Ke7 37. Qe6+ Kd8 38. Qb6+ Kd7 39. Qe6+ Kc7 40. Qxh6
Qxe4 41. Qg7+ Kd6 42. Qf6+ Kc7 43. Qe7+ Kc6 44. Bf7 a5 45. Be8+ Kb6 46. Qd8+
Kb7 47. Qd7+ Kb6 48. Qb5+ Kc7 49. Qxa5+ Kb7 50. Qb5+ Kc7 51. Qxc5+ Kb7 52. Qb5+
Ka7 53. Qc4 Qe1+ 54. Kg2 Nd5 55. Qxd5 e4 56. Qc5+ Kb8 57. Qe5+ Ka7 58. Qxf4 1-0

[Event "SR 2. liga A 2013/2014"]
[Site "?"]
[Date "2013.11.24"]
[Round "4.2"]
[White "Rachela, Jozef"]
[Black "Gazi, Mikulas"]
[Result "0-1"]
[WhiteElo "2078"]
[BlackElo "2108"]
[PlyCount "38"]
[EventDate "2013.??.??"]

1. d4 Nf6 2. Nf3 g6 3. c4 Bg7 4. Nc3 d5 5. Bf4 O-O 6. cxd5 Nxd5 7. Nxd5 Qxd5 8.
Bxc7 Nc6 9. e3 Bf5 10. a3 Rac8 11. Bg3 Rfd8 12. Qa4 Na5 13. Nd2 Rc2 14. b4 Bxd4
15. exd4 Qxd4 16. Rd1 Rxd2 17. Be2 Rxd1+ 18. Bxd1 Qd2+ 19. Kf1 Bd3+ 0-1

[Event "SR 2. liga A 2013/2014"]
[Site "?"]
[Date "2013.11.24"]
[Round "4.2"]
[White "Janos, Ivan"]
[Black "Merva, Frantisek"]
[Result "1-0"]
[WhiteElo "2105"]
[BlackElo "2022"]
[PlyCount "73"]
[EventDate "2013.??.??"]

1. e4 c5 2. Nf3 d6 3. d4 cxd4 4. Nxd4 Nf6 5. Nc3 a6 6. Be3 e6 7. f4 Qc7 8. Qd2
b5 9. a3 Bb7 10. Bd3 Nc6 11. Nf3 Rc8 12. h3 Na5 13. Qf2 Nc4 14. Bxc4 Qxc4 15.
Nd2 Qc7 16. Bb6 Qb8 17. Bd4 Qa8 18. Bxf6 gxf6 19. Qh4 Be7 20. f5 Rc5 21. O-O-O
Qc8 22. Nb3 Rc7 23. Rhf1 Kd7 24. Rd3 h5 25. Na5 Ba8 26. Rfd1 Qf8 27. Qf2 Qh6+
28. Kb1 Rb8 29. Nb3 Qh8 30. Nc5+ Rxc5 31. Qxc5 Qc8 32. fxe6+ fxe6 33. Rxd6+
Bxd6 34. Rxd6+ Ke8 35. Qxh5+ Ke7 36. Rd3 Qg8 37. Qc5+ 1-0

[Event "SR 2. liga A 2013/2014"]
[Site "?"]
[Date "2013.11.24"]
[Round "4.2"]
[White "Kahancova, Jana"]
[Black "Hulla, Stanislav"]
[Result "0-1"]
[WhiteElo "1652"]
[BlackElo "1978"]
[PlyCount "52"]
[EventDate "2013.??.??"]

1. e4 e6 2. d4 d5 3. exd5 exd5 4. Bd3 Bd6 5. Ne2 Ne7 6. O-O Nbc6 7. c3 Bg4 8.
h3 Bh5 9. Qc2 Bg6 10. Nd2 Qd7 11. b4 Bxd3 12. Qxd3 Qf5 13. Qxf5 Nxf5 14. g4 Nh4
15. f4 h5 16. g5 Nf5 17. Nf3 f6 18. Kg2 O-O-O 19. Re1 Rde8 20. Bd2 Re4 21. Ng3
Nxg3 22. Kxg3 Rhe8 23. Rxe4 dxe4 24. Re1 Kd7 25. d5 Ne7 26. gxf6 Nf5+ 0-1

[Event "SR 2. liga A 2013/2014"]
[Site "?"]
[Date "2013.11.24"]
[Round "4.2"]
[White "Srna, Jan"]
[Black "Kahanec, Jan"]
[Result "1-0"]
[WhiteElo "1960"]
[BlackElo "1693"]
[PlyCount "47"]
[EventDate "2013.??.??"]

1. d4 d5 2. Nf3 Nf6 3. b3 e6 4. a3 a6 5. e3 c5 6. c4 cxd4 7. exd4 dxc4 8. bxc4
Nc6 9. Nc3 Be7 10. Bb2 O-O 11. Bd3 h6 12. O-O Rb8 13. Rc1 Qb6 14. Na4 Qc7 15.
d5 Na7 16. c5 Qd7 17. Be5 Nxd5 18. Bxb8 Nc6 19. Ne5 Nxe5 20. Bxe5 Bf6 21. Bxf6
Nxf6 22. Nb6 Qc6 23. f3 Rd8 24. Bh7+ 1-0

[Event "SR 2. liga A 2013/2014"]
[Site "?"]
[Date "2013.11.24"]
[Round "4.2"]
[White "Matis, Tibor"]
[Black "Fuchs, Ladislav"]
[Result "0-1"]
[WhiteElo "1401"]
[BlackElo "1921"]
[PlyCount "76"]
[EventDate "2013.??.??"]

1. e4 e5 2. Nf3 Nc6 3. d4 exd4 4. Nxd4 Bc5 5. Be3 Bb6 6. Bc4 Nge7 7. O-O O-O 8.
c3 d5 9. Nxc6 bxc6 10. Bd3 Bxe3 11. fxe3 Ng6 12. Nd2 Ne5 13. Bc2 Qg5 14. Qe2
Ng4 15. Rf3 Qe5 16. Rf4 Nf6 17. Rd1 Re8 18. Re1 h6 19. exd5 cxd5 20. Nf3 Qd6
21. Nd4 Bd7 22. g3 Re5 23. Kf2 Rae8 24. Qf3 Ne4+ 25. Bxe4 dxe4 26. Qd1 g5 27.
Rg4 c5 28. Kg2 cxd4 29. exd4 Bxg4 30. Qxg4 R5e7 31. Re3 Qg6 32. c4 f5 33. Qd1
f4 34. Re1 f3+ 35. Kf2 e3+ 36. Kxf3 Rf8+ 37. Kg2 Rf2+ 38. Kg1 Qe4 0-1